000 00425nam a22001577a 4500
003 IN-BaIIA
005 20211201153012.0
008 211201b ||||| |||| 00| 0 eng d
022 _a0019-4964
040 _cIIA Library
245 _aJournal of the Indian Institute of Science
_h[Print Journal]
260 _bIndian Institute of Science
310 _a4/ Year
521 _aSubscribed through IIA Library
942 _cBV
_s1
999 _c35905
_d35905